LEADER 03657nam 2200661Ia 450 001 9910959506903321 005 20251117092254.0 010 $a1-58901-944-X 035 $a(CKB)2670000000270751 035 $a(EBL)1047228 035 $a(OCoLC)813932076 035 $a(SSID)ssj0000756861 035 $a(PQKBManifestationID)11390540 035 $a(PQKBTitleCode)TC0000756861 035 $a(PQKBWorkID)10753635 035 $a(PQKB)11266246 035 $a(MdBmJHUP)muse18739 035 $a(Au-PeEL)EBL1047228 035 $a(CaPaEBR)ebr10614234 035 $a(Perlego)949317 035 $a(MiAaPQ)EBC1047228 035 $a(EXLCZ)992670000000270751 100 $a20111011d2012 uy 0 101 0 $aeng 135 $aur|n|---||||| 181 $ctxt 182 $cc 183 $acr 200 10$aScience and religion $eChristian and Muslim perspectives : a record of the eighth Building Bridges Seminar convened by the Archbishop of Canterbury, Bahcesehir University, Istanbul, June 16-18, 2009 /$fDavid Marshall, editor 205 $a1st ed. 210 $aWashington, D.C. $cGeorgetown University Press$dc2012 215 $a1 online resource (204 p.) 300 $aDescription based upon print version of record. 311 08$a1-58901-914-8 320 $aIncludes bibliographical references and index. 327 $aCover; Contents; Participants; Introduction; Building Bridges in Istanbul; PART I: SURVEYS; Science and the Christian Tradition: A Brief Overview; Science and Religion in the History of Islam; Science and Religious Belief in the Modern World: Challenges and Opportunities; PART II: TEXTS AND COMMENTARIES; Biblical Texts; Commentary; What Is Creation? Subtle Insights from Genesis 1 Concerning the Order of the World; Qur'anic Texts; Commentary; Classical Christian Texts; Commentary: Science and Religion in the Classical Christian Tradition; Classical Islamic Texts 327 $aCommentary: The Importance of al-Ghazal? and Ibn Rushd in the History of Islamic Discourse on Religion and ScienceCharles Darwin; Introduction to Darwin and the Selected Texts; Early Arabic Views of Darwin; Modern Islamic Texts; Introduction to Qutb and al-Sha'raw?; Pope John Paul II; Commentary; Afterword; Index; A; B; C; D; E; F; G; H; I; J; K; L; M; N; O; P; Q; R; S; T; U; V; W; Y 330 $aScience and Religion is a record of the 2009 Building Bridges seminar, a dialogue between leading Christian and Muslim scholars convened annually by the Archbishop of Canterbury. The essays in this volume explore how both faith traditions have approached the interface between science and religion and throw light on the ongoing challenges posed by this issue today. The volume includes a selection of relevant texts together with commentary that illuminates the scriptures, the ideas of key religious thinkers, and also the legacy of Charles Darwin. 606 $aReligion and science$vCongresses 606 $aTheology, Doctrinal$vCongresses 606 $aIslam$xDoctrines$vCongresses 606 $aChristianity and other religions$xIslam$vCongresses 606 $aIslam$xRelations$xChristianity$vCongresses 615 0$aReligion and science 615 0$aTheology, Doctrinal 615 0$aIslam$xDoctrines 615 0$aChristianity and other religions$xIslam 615 0$aIslam$xRelations$xChristianity 676 $a261.2/7 701 $aMarshall$b David$f1963-$01800501 712 12$aBuilding Bridges Seminar. 801 0$bMiAaPQ 801 1$bMiAaPQ 801 2$bMiAaPQ 906 $aBOOK 912 $a9910959506903321 996 $aScience and religion$94365899 997 $aUNINA